| 000 | 00784cam a22002531i 4500 | ||
|---|---|---|---|
| 001 | 4059338 | ||
| 003 | EG-ScBUE | ||
| 005 | 20250731093501.0 | ||
| 008 | 720121s1965 nyua f b 000 0 eng d | ||
| 040 |
_aDLC _beng _erda _cDLC _dDLC _dEG-ScBUE |
||
| 082 | 0 | 4 |
_a541.39 _222 _bLAI |
| 100 | 1 |
_aLaidler, Keith James, _d1916- _eauthor. _97187 |
|
| 245 | 1 | 0 |
_aChemical kinetics / _cKeith J. Laidler. |
| 250 | _aSecond edition. | ||
| 264 | 1 |
_aNew York : _bMcGraw-Hill, _c1965. |
|
| 300 |
_aix, 566 pages : _billustrations ; _c23 cm |
||
| 336 |
_2rdacontent _atext _btxt |
||
| 337 |
_aunmediated _2rdamedia _bn |
||
| 338 |
_avolume _bnc _2rdacarrier |
||
| 504 | _aIncludes bibliographical references. | ||
| 650 | 7 |
_aChemical kinetics. _2BUEsh _97188 |
|
| 655 | _vReading book | ||
| 942 |
_2ddc _cBB |
||
| 999 |
_c12102 _d12102 |
||